| 000 | 00582nam a2200193Ia 4500 | ||
|---|---|---|---|
| 005 | 20250508162305.0 | ||
| 008 | 008 250505s9999 xx 000 0 eng d | ||
| 037 | _aTextual | ||
| 040 |
_aFEDL _beng _cFEDL |
||
| 041 |
_aeng _2eng |
||
| 084 |
_a370.19, PAT _qFEDL |
||
| 100 |
_aPatel Surabhi P. _9102339 |
||
| 245 | 0 | _aEquality of educational opportunity in India : A myth or reality? | |
| 260 |
_aNew Delhi, India _bNational Publishing House _c1983 |
||
| 300 | _axviii,271p. | ||
| 650 | _aEducation | ||
| 942 |
_cTEXL _h370.19, PAT |
||
| 999 |
_c1375614 _d1375614 |
||